000 005970000a22001930004500
020 _a84-7509-130-x
041 0 _aSPA
082 0 4 _aG 371.3 H6386b
100 1 _aHighet, Gilbert (1906-1978)
245 1 0 _aEl arte de enseñar / Gilbert Highet ; Josefina Valderrama de Robinson, Oscar Ricardo Robinson, Traductor
260 _aBarcelona, España : Paidós
300 _a238 Pag
500 _aTítulo original en inglés : The art of teaching
001 10077
942 _cBK
999 _c39819
_d39819
336 _atexto
_btxt
_2rdacontent
337 _2rdamedia
_asin mediación
_bn
338 _2rdacarrier
_avolumen
_bnc